Datum a čas kvízu
31
Celkem bodů
Celkový počet nahraných bodů na tomto kvízu bez doplňovacích otázek.
1.
Pořadí na kvízu
Konečné umístění týmu na tomto kvízu.
Zaznamenané odpovědi
| # | Otázka | Odpověď | Body | Výsledky |
|---|---|---|---|---|
| 1. | Český premiér Andrej Babiš při... | o pistoli | 1 | |
| 2. | Je všeobecně známo, že Čína dl... | turisté prý špatně snášejí vysokou nadmořskou výšku | 0 | |
| 3. | Tři interpreti dostali v úter... | Lucie, Barbora Poláková | 1 | |
| 4. | Švédská automobilka Volvo omez... | 180 km/h | 1 | |
| 5. | Ve středečních zápasech Ligy m... | Penalty byly nařízeny s pomocí videa. | 1 | |
| 6. | V prvních čtyřech otázkách tém... | Alois Jirásek, Staré pověsti české | 1 | |
| 7. | „Vstávej!“ ...Meduna krásně př... | Karel Poláček, Muži v offsidu | 0 | |
| 8. | Zde prosíme celé jméno autora... | Josef Čapek, Povídání o pejskovi a kočičce | 0.5 | |
| 9. | „Drva hlaďúnký, bílúnký, a tak... | Rudolf Těsnohlídek, Liška Bystrouška | 0 | |
| 10. | "V jednom kupé druhé třídy ryc... | B | 1 |